| Record ID | ia:formike00syke |
| Source | Internet Archive |
| Download MARC XML | https://archive.org/download/formike00syke/formike00syke_marc.xml |
| Download MARC binary | https://www.archive.org/download/formike00syke/formike00syke_meta.mrc |
LEADER: 01005cam 2200265 a 4500
001 97023452
003 DLC
005 20041230102337.0
008 970613s1998 nyu c 000 1 eng
010 $a 97023452
020 $a0385323379
040 $aDLC$cDLC$dDLC
042 $alcac
050 00 $aPZ7.S9834$bFo 1998
082 00 $a[Fic]$221
100 1 $aSykes, Shelley.
245 10 $aFor Mike /$cShelley Sykes.
260 $aNew York :$bDelacorte Press,$cc1998.
300 $a197 p. ;$c22 cm.
520 $aWhen Jeff's best friend Mike disappears in the fall of their senior year in high school, Jeff has disturbing dreams in which Mike urges him to come get him, and a secret begins to unfold.
650 1 $aDreams$xFiction.
650 1 $aGhosts$xFiction.
650 1 $aMystery and detective stories.
856 42 $3Contributor biographical information$uhttp://www.loc.gov/catdir/bios/random057/97023452.html
856 42 $3Publisher description$uhttp://www.loc.gov/catdir/description/random047/97023452.html